00626nam a2200217 a 4500001001300000003000900013005001700022008004100039020001000080082001300090245001500103260005000118300000900168500003500177650001800212710003200230902000800262942000700270952011400277999001700391nice12345678IN_TiNIC20260116013630.0070621s1973 newa grp 000 0 eng  ac10000a225bINT aHoly Bible aNew JerseybInternational Bible Societyc1973 a207p aincludes index and biblioraphy aNew Testament2 aInternational Bible Society bSRS cBK 001040708StackRoom-aHMIbHMId2007-06-21g100.00l0o225 INTp016085r2007-06-21v100.00w2007-06-21yBK c11729d11729